| 000 | 00849cam a2200217 a 4500 | ||
|---|---|---|---|
| 001 | 000005796 | ||
| 005 | 20200929151804.0 | ||
| 008 | 880516r1985 uy 000 0 spa | ||
| 010 | _a88883425 | ||
| 040 |
_aDO-SdBNP _cDLC _dDLC |
||
| 082 |
_a923.5895 _bA791R |
||
| 100 | 1 |
_aRamírez, Carlos María, _d1848-1898. _916322 |
|
| 245 | 1 | 0 |
_aArtigas / _cCarlos María Ramírez ; introducción del Ministro de Instrucción Pública, D. Justino Zavala Muñíz ; prólogo de Luis Bonavita. |
| 260 |
_aMontevideo : _bMinisterio de Educación y Cultura, _c1985. |
||
| 300 |
_axx, 421 [7]p. ; _c20 cm. |
||
| 490 | 1 |
_aBiblioteca Artigas _vv. 1 |
|
| 490 | 1 |
_aClásicos uruguayos _vv. 1 |
|
| 600 | 1 | 4 |
_aARTIGAS, JOSÉ GERVASIO, _d1764-1850 _zURUGUAY _916398 |
| 830 | 0 |
_aBiblioteca Artigas _pClásicos uruguayos ; _vv. 1 _916276 |
|
| 910 | _aCatalogación por copia / LC | ||
| 999 |
_c5592 _d5592 |
||